000 00385nam a2200133Ia 4500
008 100328s9999 xx 000 0 und d
082 _b67550
100 _aठाकूर योगेंद्र आणि खांबेटे सतीश.
245 _aमहाजन.
260 _bआमोद.
630 _aमहाजन.
730 _aमहाजन.
942 _cBOOK
999 _c553289
_d553286